000 00321nam a22001457a 4500
008 230518b ||||| |||| 00| 0 eng d
020 _a9780415397254
041 _aeng
080 _a339.9
082 _a339.9CLA
100 _a24
101 _aIAM
245 _aTHE WORLD'S RELIGIONS
_cCLARKE .B .P
942 _2udc
_cBK
999 _c59777
_d59777